German words A1.1 (Lektion 7) - Statistics

General Stats
  • This quiz has been taken 14 times
    10 since last reset
  • The average score is 15 of 43
Answer Stats
In German In English % Correct
Film der, -e Movie, film
100%
Auto das, -s Car, automobile
75%
Internet das Internet
75%
Natürlich Naturally, certainly, of course
75%
Schwimmen (To) swim
75%
Kino das, -s Cinema
63%
Vielen Dank Many thanks, thank you very much
63%
oft Often
63%
Singen (To) sing
63%
Surfen (To) surf
63%
Freizeit die, -s Free time
50%
Musik die Music
50%
Natur die Nature
50%
Nie Never
50%
Tanzen (To) dance
50%
(fas) immer (almost) always
38%
Klar Clear, understood
38%
Wie oft? How often?
38%
Nicht so (gut) Not so (good)
38%
Manchmal Sometimes
38%
Spielen (To) play
38%
Können Can, to be able
25%
Das geht That works
25%
Backen (To) bake
25%
Kochen (To) cook
25%
Lieben (To) love
25%
Malen (To) paint, draw
25%
Lesen (To) read
25%
Besuchen (To) visit
25%
Leidtun, tut mir leid I'm sorry, to be sorry
13%
Spazieren gehen (To) go for a walk
13%
Spaß machen (To) have fun
13%
Treffen (To) meet
13%
Rad fahren (To) ride a bike, or a bicycle
13%
Rauchen (To) smoke
13%
Fotografieren (To) take photos
13%
Leider Unfortunatelly
13%
leider nicht Unfortunately no
13%
Gespräch das, -e Conversation, discussion
0%
Ausflug der, -e Excursion, trip
0%
Lieblings Favorite
0%
Gern Gladly
0%
Herzlichen Dank Much obliged
0%
No matching quizzes found
Score Distribution
Percent of People with Each Score
Percentile by Number Answered
Your Score History
You have not taken this quiz since the last reset